100 Groupes de musiques (En Images) - Statistiques

Statistiques générales
  • Ce quiz a été pris 304 fois
  • Le résultat moyen est 27 sur 100
Statistiques - réponses
Par images Réponse % Correct
Daft Punk
100%
Coldplay
74%
Jackson 5
73%
Bigflo & Oli
72%
BTS
70%
Queen
64%
Indochine
62%
Kiss
60%
Metallica
60%
ABBA
57%
PNL
55%
The Beatles
52%
Spice Girls
48%
Supreme NTM
48%
Blackpink
47%
Frero Delavega
47%
Sexion D'assaut
47%
Black Eyed Peas
45%
Nirvana
44%
Village People
44%
One Direction
43%
Superbus
43%
AC/DC
42%
Destiny's Child
41%
Oasis
38%
IAM
37%
Magic System
37%
U2
37%
Maneskin
35%
Les Rita Mitsouko
34%
Tokio Hotel
33%
Linkin Park
32%
Imagine Dragons
31%
L5
31%
The Cure
31%
Kyo
30%
The Police
30%
The Rolling Stones
30%
BB Brunes
29%
Louise Attaque
29%
Telephone
29%
Casseurs Flowters
28%
Therapie Taxi
28%
Guns N'Roses
26%
Muse
26%
Red Hot Chili Peppers
26%
Shaka Ponk
26%
Aerosmith
22%
Simon & Garfunkel
22%
Brigitte
21%
Collectif métissé
21%
Tryo
21%
Amadou & Mariam
20%
Genesis
19%
Hyphen Hyphen
18%
Pink Floyd
17%
Radiohead
17%
Rammstein
17%
Blur
16%
Bon Jovi
16%
Motorhead
16%
Scorpions
16%
Columbine
15%
Depeche Mode
15%
Justice
15%
Les Chaussettes Noires
15%
The Doors
15%
Led Zeppelin
14%
Les Frangines
14%
Psy 4 de la rime
14%
Feu! Chatterton
13%
Gojira
12%
Linkup
12%
Arcadian
11%
Arctic Monkeys
11%
Cats On Trees
11%
Dire Straits
11%
The Who
11%
Thirty Seconds to Mars
11%
Ofenbach
10%
London Grammar
9%
47Ter
8%
Air
7%
Iron Maiden
7%
R.E.M.
7%
Supertramp
7%
Cigarettes After Sex
6%
Deep Purple
6%
L'Impératrice
6%
Phoenix
6%
La Femme
5%
Mano Negra
5%
Ministère A.M.E.R
5%
The Charts
5%
Aaron
4%
Les Innocents
4%
Trust
4%
Eagles
3%
Matmatah
3%
Toto
3%
Aucun quiz correspondant
Distribution des résultats
% des personnes avec chaque résultat
Percentile par nombre de réponses
Votre historique - résultats
Vous n’avez pas pris ce quiz